000 00600nam a2200241 a 4500
001 nice12345678
003 IN_TiNIC
005 20260116011508.0
008 050524s1963 lona grp 000 0 eng
020 _a
_c0
082 0 0 _a954.03
_bALD
100 _aAlder, G J
245 _aBritish India`s Northern Frontier 1865-1895
260 _aLongmans
_bRoyal Commonwealth Society
_c1963
300 _a317p
500 _aincludes index and biblioraphy
505 2 _aBibl. Index
650 _aBritish-India History
700 1 _aAlder, G J
902 _bSRS
942 _cBK
999 _c2034
_d2034